|
|
|
|
| LEADER |
00813cam a2200241 7i4500 |
| 001 |
0000036183 |
| 005 |
20191129090000.0 |
| 007 |
##ta |
| 008 |
191129s2019 enk o 000 eng d |
| 020 |
# |
# |
|a 9780241341131
|
| 040 |
# |
# |
|a MATR
|
| 090 |
0 |
0 |
|a B 303.4833
|b NEW
|
| 100 |
1 |
# |
|a Newport, Cal
|e author
|
| 245 |
1 |
0 |
|a Digital Minimalism :
|b On Living Better with Less Technology
|c Cal Newport.
|
| 264 |
# |
1 |
|a London:
|b Portfolio Penguin,
|c 2019.
|
| 300 |
# |
# |
|a xviii, 284 pages;
|c 22 cm.
|
| 336 |
# |
# |
|a text
|2 rdacontent
|
| 337 |
# |
# |
|a unmediated
|2 rdamedia
|
| 338 |
# |
# |
|a volume
|2 rdacarrier
|
| 650 |
# |
0 |
|a Technological innovations --
|x Social aspects
|
| 650 |
# |
0 |
|a Information technology --
|x Social aspects
|
| 650 |
# |
0 |
|a Internet addiction --
|x Social aspects
|
| 999 |
|
|
|a B000040920
|b Book
|c Book
|e Business Information Centre
|